<?xml version="1.0" encoding="UTF-8"?><?xml-stylesheet type="text/xsl" href="static/style.xsl"?><OAI-PMH xmlns="http://www.openarchives.org/OAI/2.0/" xmlns:xsi="http://www.w3.org/2001/XMLSchema-instance" xsi:schemaLocation="http://www.openarchives.org/OAI/2.0/ http://www.openarchives.org/OAI/2.0/OAI-PMH.xsd"><responseDate>2026-06-01T12:32:29Z</responseDate><request verb="GetRecord" identifier="oai:riuma.uma.es:10630/37684" metadataPrefix="marc">https://riuma.uma.es/rest/oai/request</request><GetRecord><record><header><identifier>oai:riuma.uma.es:10630/37684</identifier><datestamp>2026-02-03T10:21:24Z</datestamp><setSpec>com_10630_1685</setSpec><setSpec>col_10630_38055</setSpec></header><metadata><record xmlns="http://www.loc.gov/MARC21/slim" xmlns:dcterms="http://purl.org/dc/terms/" xmlns:doc="http://www.lyncode.com/xoai" xmlns:xsi="http://www.w3.org/2001/XMLSchema-instance" xsi:schemaLocation="http://www.loc.gov/MARC21/slim http://www.loc.gov/standards/marcxml/schema/MARC21slim.xsd">
   <leader>00925njm 22002777a 4500</leader>
   <datafield ind2=" " ind1=" " tag="042">
      <subfield code="a">dc</subfield>
   </datafield>
   <datafield ind2=" " ind1=" " tag="720">
      <subfield code="a">López de San Sebastián, Javier</subfield>
      <subfield code="e">author</subfield>
   </datafield>
   <datafield ind2=" " ind1=" " tag="260">
      <subfield code="c">2023</subfield>
   </datafield>
   <datafield ind2=" " ind1=" " tag="520">
      <subfield code="a">El epéndimo es el epitelio que recubre las paredes del sistema ventricular cerebral, y&#xd;
cumple importantes funciones relacionadas con el mantenimiento y homeostasis del&#xd;
sistema nervioso central. Por su ubicación, el epéndimo es un tejido que sufre de&#xd;
forma directa las consecuencias de las hemorragias en la matriz germinal y las&#xd;
hemorragias que drenan hacia el interior del ventrículo, que con frecuencia&#xd;
desembocan en hidrocefalia posthemorrágica. El objetivo de este trabajo de&#xd;
investigación fue elucidar el efecto que las condiciones presentes durante las&#xd;
hemorragias en la matriz germinal e intraventriculares tienen en la diferenciación de&#xd;
los progenitores ependimarios hacia epéndimo. Asimismo, se estudió el posible efecto&#xd;
terapéutico que la aplicación de células madre mesenquimales pudiera tener sobre el&#xd;
epéndimo en desarrollo en esas mismas condiciones. Se ha detectado que la sangre,&#xd;
el suero sanguíneo y el TNFα interfieren negativamente con la diferenciación&#xd;
ependimaria, mientras que las células madre mesenquimales la favorecen. Además,&#xd;
se ha determinado que las células madre mesenquimales incrementaron la&#xd;
supervivencia de progenitores ependimarios cuando ambas células fueron&#xd;
trasplantadas sobre explantes de pared ventricular afectados por hemorragias en la&#xd;
matriz germinal e intraventriculares. En conclusión, se estima que las células madre&#xd;
mesenquimales y los progenitores ependimarios son poderosas herramientas que&#xd;
merecen ser consideradas en el diseño de terapias para la hidrocefalia&#xd;
posthemorrágica.</subfield>
   </datafield>
   <datafield ind1="8" ind2=" " tag="024">
      <subfield code="a">https://hdl.handle.net/10630/37684</subfield>
   </datafield>
   <datafield tag="653" ind2=" " ind1=" ">
      <subfield code="a">Terapìa celular</subfield>
   </datafield>
   <datafield tag="653" ind2=" " ind1=" ">
      <subfield code="a">Células madre</subfield>
   </datafield>
   <datafield ind2="0" ind1="0" tag="245">
      <subfield code="a">Estudio de la diferenciación in vitro de progenitores ependimarios en condiciones de hidrocefalia posthemorrágica y en cotrasplante con células madre mesenquimales</subfield>
   </datafield>
</record>
</metadata></record></GetRecord></OAI-PMH>